000 02243nam a22003977i 4500
003 DO-SdBNP
005 20250120102852.0
007 ta
008 091102e1923 dr 000 e spa d
020 _a9789945250688
040 _aDO-SdBNP
_bspa
_cBNPHU
_erda
082 0 4 _a972.9303
_bF385p 2023
_222
100 1 _aFreites Roque, Arturo,
_d 1879-1914
_eautor
_928219
245 1 0 _aEl primer viaje del Quijote a Santo Domingo :
_bcomercio, cultura política y sociedad en La Española del sigloXVII /
_cJoan M. Ferrer Rodríguez ; cuidado de edición, Kary Alba Rocha Arias ; diagramación y diseño de cubierta, Harold Frías Maggiolo ; prólogo, Natalia González Tejera.
250 _aPrimera edición
264 4 _aSanto Domingo, República Dominicana :
_bArchivo General de la Nación,
_c©2023.
300 _a104 páginas :
_bilustraciones, fotografías ;
_c24 cm.
336 _2rdacontent
_atexto
_btxt
337 _2rdamedia
_asin mediación
_bn
338 _2rdacarrier
_avolumen
_bnc
490 0 _aPublicaciones del Archivo General de la Nación ;
_vvolumen 483
500 _aIncluye índice onomástico.
500 _aIncluye datos biográficos del autor en las solapas.
500 _aIncluye referencias bibliográficas y notas al pie de las páginas.
505 2 _aPrólogo. Natalia González Tejera, 9.-- Introducción, 13.-- El autor y su obra, 17.-- De la madrileña calle de Atocha a un olvidado rincón del Caribe, 27.-- El cargazón y el registro, 37.-- El tejido social, 49.-- La construcción de la realidad política, 53.-- Aspectos económicos, 57.-- Conclusión, 61.-- Los personajes, 63.-- Glosario, 77.-- Apéndices.
586 _aPremio Nacional de Historia AGN Vetilio Alfau Durán 2022 : Ensayo
590 _aInventariado, 2024 /LP
650 0 _aNovela dominicana
_xHistoria
_ySiglo XVII
_9223
650 4 _aNavío "Filibote San Pedro"
_xHistoria
_zRepública Dominicana
_xComercio
_967
651 _aRepública Dominicana
_xHistoria
_ySiglo XVII
_985561
700 1 _aRocha Arias, Kary Alba,
_eedición
_981514
700 1 _aGonzález Tejera, Natalia,
_eprologuista
_955788
700 1 _aFrías Maggiolo, Harold,
_ediagramación y diseño de cubierta
_9172
910 _alopérez
942 _2ddc
_cLBS1
999 _c56760
_d56760